Azan : dakwah yang sempurna

Bibliographic Details
Main Author: Mohd Gunawan Che Abd Aziz
Corporate Author: Title
Format: Book
Published: Kuala Lumpur : Utusan Publication & Distributors Sdn Bhd , 2004
Subjects:

MARC

LEADER 00000cam a2200000 7i4500
001 0000021778
005 20220622.0
008 080723
020 |a 9676115185 
090 0 0 |a 297.74   |b MOH 
100 0 |a Mohd Gunawan Che Abd Aziz 
245 1 0 |a Azan :   |b dakwah yang sempurna   |c Mohd Gunawan Che Abd Aziz 
260 |a Kuala Lumpur :   |b Utusan Publication & Distributors Sdn Bhd ,   |c 2004 
650 0 |a Da'wah(islam) 
650 0 |a Islam   |x Missions 
710 1 |a Title 
999 |a 0000942351   |b Book   |c Adult Collection   |e Cawangan Taman Sri Lambak 
999 |a 0001034441   |b Book   |c Adult Collection   |e Desa - PPAJ